| 000 | 03680nam a2200373Ia 4500 | ||
|---|---|---|---|
| 999 |
_c56362 _d56362 |
||
| 001 | 23475 | ||
| 003 | GE_BSU | ||
| 005 | 20260126193135.0 | ||
| 008 | 181216s1987||||ge |||||||||||||| ||geo|| | ||
| 040 | _cGE_BSU | ||
| 041 | _ageo | ||
| 080 | _a94(479.22)"12"(093) ჟ-24 | ||
| 100 |
_aჟამთააღმწერელი _926730 |
||
| 245 |
_aასწლოვანი მატიანე / _cჟამთააღმწერელი ; ტექსტი გამოსაცემად მოამზადა, გამოკვლევა, შენიშვნები და ლექსიკონი დაურთო რევაზ კიკნაძემ ; მთავარი სარედაქციო კოლეგია: შ. ძიძიგური (მთ. რედ.), მ. აბაშიძე, ზ. ალექსიძე [და სხვა] ; საქართველოს სსრ მეცნიერებათა აკადემია, საქართველოს ისტორიის წყაროების კომისია, ივ. ჯავახიშვილის სახ. ისტორიის, არქეოლოგიისა და ეთნოგრაფიის ინსტიტუტი. |
||
| 250 | _aსაქართველოს სსრ მეცნიერებათა აკადემია, საქართველოს ისტორიის წყაროების კომისია, ივ. ჯავახიშვილის სახ. ისტორიის, არქეოლოგიისა და ეთნოგრაფიის ინსტიტუტი | ||
| 264 |
_aთბილისი : _bმეცნიერება, _c1987. |
||
| 300 |
_a264 გვ. ; _c21 სმ. |
||
| 490 |
_aსაქართველოს ისტორიის წყაროები _v48 ქართული საისტორიო მწერლობის ძეგლები VI |
||
| 500 | _aახლავს რევაზ კიკნაძის მინაწერი | ||
| 500 | _aნოდარ ლომოურის კოლექცია ბეჭდით ნოდარ ლომოურის ბიბლიოთეკიდან | ||
| 500 | _aსაძიებლები : გვ. 251-264 | ||
| 504 | _aბიბლიოგრაფია ტექსტის შენიშვნებში | ||
| 520 | _aრეზიუმე რუსულ და ინგლისურ ენებზე | ||
| 541 | _h5 ლ. | ||
| 653 | _aასწლოვანი მატიანე | ||
| 653 | _aსაქართველოს ისტორიის წყაროები | ||
| 653 | _a ქართული ისტორიოგრაფია | ||
| 700 |
_aკიკნაძე, რევაზ _eშემდგენელი _91546 |
||
| 700 |
_aძიძიგური, შ. _eრედაქტორი _926731 |
||
| 700 |
_aალექსიძე, ზ. _eრედაქტორი _926732 |
||
| 700 |
_aკიკნაძე, რ. _eრედაქტორი _926733 |
||
| 710 |
_aსაქართველოს სსრ მეცნიერებათა აკადემია _bსაქართველოს ისტორიის წყაროების კომისია, ივ. ჯავახიშვილის სახ. ისტორიის, არქეოლოგიისა და ეთნოგრაფიის ინსტიტუტი _926734 |
||
| 942 |
_cBK _2udc |
||